00853nam a22002297a 4500003000500000005001700005008004100022010001000063011001000073035001100083040000900094100003800103245014800141260004000289300003600329502007600365530003600441650003000477650002800507650002400535856006400559CHAP20220329143519.0100317s2010 mx r 00010 spa d a97802 a98774 a109459 cCHAP1 aValdez García, Soledad Adriana.10aAnálisis de la vecindad de α para la toma de decisiones estadísticas en un muestreo aleatorio simplec/por Soledad Adriana Valdez García aChapingo, Méx. :bEl autor,c2010 avi, 51 h. :bcuadros , gráfs. aTesis (Lic. en Estadística) - UACH. División de Ciencias Forestales aTambién disponible en línea04aAnálisis estadístico.04aMuestreo estadístico.04aToma de decisiones. 3Finding aiduhttp://10.13.5.2/tesis/109459.pdfzTeclea aqui